Statistics for Counterparts: Marvel and DC

Click here to take the quiz!

General Stats

  • This quiz has been taken 177 times
  • The average score is 8 of 11

Answer Stats

HintAnswer% Correct
FlashSpeedQuicksilver
98%
Iron ManPlayboyBatman
96%
NamorSeaAquaman
93%
Green ArrowArcherHawkeye
93%
Elongating ManStretchMister Fantastic
80%
Ant-ManShrinkAtom
71%
GuardianShieldCaptain America
71%
ThorGodSuperman
70%
DeadpoolWilsonDeathstroke
65%
FalconWingsHawkman
60%
BullseyeAssassinDeadshot
49%

Score Distribution

Percentile by Number Answered

Percent of People with Each Score

Your Score History

You have not taken this quiz